[Event "Bastia op"]
[Site "Bastia"]
[Date "2023.07.10"]
[Round "6"]
[White "Guazzelli, Jean Baptiste"]
[Black "Fedorchuk, Sergey A"]
[Result "0-1"]
[WhiteElo "2055"]
[BlackElo "2589"]
[PlyCount "90"]
[EventDate "2023.07.09"]
[EventType "swiss"]
[EventRounds "9"]
[EventCountry "FRA"]
[SourceTitle "CBM 215 Extra"]
[Source "ChessBase"]
[SourceDate "2023.09.30"]
[SourceVersion "1"]
[SourceVersionDate "2023.09.30"]
[SourceQuality "1"]

1. e4 c5 2. Nc3 e6 3. g3 Nc6 4. Bg2 Nf6 5. Nge2 d6 6. 0-0 Be7 7. h3 a6 8. f4 Qc7 9. Kh2 b5 10. a3 Bb7 11. d4 cxd4 12. Nxd4 0-0 13. Nxc6 Bxc6 14. e5 dxe5 15. fxe5 Nd7 16. Bxc6 Qxc6 17. Bf4 Rad8 18. Qg4 Kh8 19. Rae1 Nb6 20. Re2 Rd4 21. Qh5 Nc4 22. Bc1 Kg8 23. Rf4 Rxf4 24. gxf4 f5 25. exf6 Rxf6 26. Ne4 Rf7 27. b3 Nd6 28. Ng5 Bxg5 29. Qxg5 Nf5 30. Qd8+ Rf8 31. Qd3 Rf6 32. Rg2 Nh4 33. Rg3 Rg6 34. Qd8+ Kf7 35. Qd3 Rxg3 36. Kxg3 Nf5+ 37. Kh2 h5 38. Bb2 h4 39. Be5 Ng3 40. Qd1 Nf5 41. Qh5+ Kg8 42. Qe2 Qc5 43. Qg2 Ng3 44. Qa8+ Kh7 45. Qe4+ Nxe4 0-1

[Event "Bastia op"]
[Site "Bastia"]
[Date "2023.07.09"]
[Round "3"]
[White "Rakotomaharo, Fy Antenaina"]
[Black "Guazzelli, Jean Baptiste"]
[Result "1-0"]
[WhiteElo "2463"]
[BlackElo "2055"]
[PlyCount "97"]
[EventDate "2023.07.09"]
[EventType "swiss"]
[EventRounds "9"]
[EventCountry "FRA"]
[SourceTitle "CBM 215 Extra"]
[Source "ChessBase"]
[SourceDate "2023.09.30"]
[SourceVersion "1"]
[SourceVersionDate "2023.09.30"]
[SourceQuality "1"]

1. e4 Nf6 2. e5 Nd5 3. d4 d6 4. c4 Nb6 5. f4 g6 6. Nc3 Bg7 7. Be2 0-0 8. Nf3 c5 9. dxc5 dxc5 10. Qxd8 Rxd8 11. Be3 Na6 12. Kf2 Bf5 13. Rad1 Bc2 14. Rxd8+ Rxd8 15. Rc1 Bf5 16. Nb5 Nc8 17. a3 b6 18. h3 h5 19. Rg1 Be4 20. Ng5 Bc6 21. g4 hxg4 22. hxg4 Bxb5 23. cxb5 Nc7 24. Bc4 Nd5 25. e6 fxe6 26. Nxe6 Nxe3 27. Kxe3 Rd6 28. Nxc5+ Kf8 29. Ne6+ Kf7 30. Nxg7+ Kxg7 31. Rc1 Rd8 32. Bd3 Kf6 33. g5+ Kf7 34. Rc7 Nd6 35. a4 Rh8 36. Rxa7 Rh3+ 37. Kd4 Rf3 38. b3 Rxf4+ 39. Kc3 Rf3 40. Ra6 Ne4+ 41. Kd4 Nc5 42. Bc4+ Ke8 43. Rxb6 Nxb3+ 44. Bxb3 Rxb3 45. a5 Kd8 46. a6 Ra3 47. Rxg6 Ra5 48. Kc5 e5 49. Re6 1-0

[Event "EU School-chT 05th"]
[Site "Bastia"]
[Date "2016.06.09"]
[Round "5.5"]
[White "Favarel Lubeigt, Helina"]
[Black "Guazzelli, Jean Baptiste"]
[Result "0-1"]
[WhiteElo "1447"]
[BlackElo "1760"]
[PlyCount "70"]
[EventDate "2016.06.10"]
[EventType "team-tourn"]
[EventRounds "3"]
[EventCountry "FRA"]
[SourceTitle "EXT 2024"]
[Source "ChessBase"]
[SourceDate "2023.10.10"]
[SourceVersion "1"]
[SourceVersionDate "2023.10.10"]
[SourceQuality "1"]

1. d4 Nf6 2. c4 e5 3. Nf3 exd4 4. Nxd4 Bc5 5. e3 0-0 6. Nc3 Nc6 7. b3 Re8 8. Be2 Bb4 9. Bb2 Ne4 10. Qd3 Qf6 11. 0-0 Nxd4 12. exd4 Nxc3 13. Bxc3 Bxc3 14. Qxc3 Rxe2 15. a3 d6 16. Rad1 Bd7 17. Qd3 Rae8 18. Rd2 Re1 19. Rd1 Rxf1+ 20. Rxf1 Bf5 21. Qd2 h6 22. d5 Qe5 23. Qd1 Qe2 24. Qxe2 Rxe2 25. Ra1 Rb2 26. b4 Bb1 27. g3 f5 28. Kg2 Kf7 29. Kf3 g5 30. h3 Kf6 31. Ke3 Ke5 32. f4+ Kf6 33. Kd4 Rb3 34. fxg5+ hxg5 35. b5 Rd3# 0-1

[Event "FRA-ch op-B"]
[Site "Agen"]
[Date "2016.??.??"]
[Round "7"]
[White "De Vreese, Claire"]
[Black "Guazzelli, Jean Baptiste"]
[Result "0-1"]
[WhiteElo "1727"]
[BlackElo "1730"]
[PlyCount "102"]
[EventDate "2016.08.12"]
[EventType "swiss"]
[EventRounds "9"]
[EventCountry "FRA"]
[SourceTitle "EXT 2017"]
[Source "ChessBase"]
[SourceDate "2016.10.25"]
[SourceVersion "1"]
[SourceVersionDate "2016.10.25"]
[SourceQuality "1"]

1. e4 c5 2. Nc3 Nc6 3. g3 g6 4. d3 Bg7 5. Be3 d6 6. Bg2 Rb8 7. Qd2 b5 8. f4 Bd7 9. Nge2 Nd4 10. 0-0 b4 11. Nd1 Nxe2+ 12. Qxe2 Nf6 13. f5 0-0 14. h3 Nh5 15. Qf3 a5 16. g4 Nf6 17. d4 cxd4 18. Bxd4 Bc6 19. Qe2 Bb5 20. Qf2 Bxf1 21. Qxf1 Nd7 22. Bxg7 Kxg7 23. Ne3 Qb6 24. Qf4 Qd4 25. Rf1 Qe5 26. Qf3 g5 27. Kh1 Qxb2 28. Nd5 Qe5 29. Qe3 h6 30. Qa7 Nf6 31. Nxe7 Ra8 32. Qb7 Rfe8 33. Nc6 Qc5 34. Rd1 Rec8 35. Nd4 Kf8 36. e5 Ra7 37. Qf3 dxe5 38. Nb3 e4 39. Qg3 Qc7 40. Qe3 Qe7 41. Qg3 Rxc2 42. Qb8+ Kg7 43. Qb6 e3 44. Nd4 e2 45. Re1 Rc1 46. Rxc1 e1Q+ 47. Rxe1 Qxe1+ 48. Kh2 Qe5+ 49. Kg1 Rd7 50. Nf3 Rd1+ 51. Kf2 Ne4+ 0-1